000 00730cam a22002533a 4500
001 30506
003 PGUSA
005 20140828083647.0
008 091120s2009||||xxu|||||s|||||000 | eng d
040 _aPGUSA
_beng
042 _adc
050 4 _aHX
100 1 _aPlekhanov, Georgii Valentinovich,
_d1856-1918
245 1 0 _aAnarchism and Socialism
_h[electronic resource] /
_cGeorgii Valentinovich Plekhanov
260 _bProject Gutenberg,
_c2009
506 _aPublic domain in the USA.
516 _aElectronic text
653 _aAnarchism
653 _aSocialism
700 1 _aAveling, Eleanor Marx,
_d1855-1898
830 0 _aProject Gutenberg
_v30506
856 4 0 _uhttp://www.gutenberg.org/ebooks/30506
942 _cEB
999 _c259761
_d259761